Digging deeper : (Record no. 12098)
[ view plain ]
| 000 -LEADER | |
|---|---|
| fixed length control field | 01348cam a2200373 a 4500 |
| 001 - CONTROL NUMBER | |
| control field | 16556921 |
| 003 - CONTROL NUMBER IDENTIFIER | |
| control field | mut |
| 005 - DATE AND TIME OF LATEST TRANSACTION | |
| control field | 20240606081215.0 |
| 008 - FIXED-LENGTH DATA ELEMENTS--GENERAL INFORMATION | |
| fixed length control field | 101130s2011 onca bf 001 0 eng d |
| 010 ## - LIBRARY OF CONGRESS CONTROL NUMBER | |
| LC control number | 2010281705 |
| 016 ## - NATIONAL BIBLIOGRAPHIC AGENCY CONTROL NUMBER | |
| Record control number | 20109015614 |
| 020 ## - INTERNATIONAL STANDARD BOOK NUMBER | |
| International Standard Book Number | 9780195421272 (pbk.) |
| 020 ## - INTERNATIONAL STANDARD BOOK NUMBER | |
| International Standard Book Number | 0195432304 |
| 035 ## - SYSTEM CONTROL NUMBER | |
| System control number | (OCoLC)ocn551884985 |
| 040 ## - CATALOGING SOURCE | |
| Original cataloging agency | NLC |
| Language of cataloging | eng |
| Transcribing agency | mut |
| Modifying agency | YDXCP |
| -- | CDX |
| -- | VP@ |
| -- | C#P |
| -- | BWX |
| -- | DLC |
| 042 ## - AUTHENTICATION CODE | |
| Authentication code | lccopycat |
| 043 ## - GEOGRAPHIC AREA CODE | |
| Geographic area code | n-cn--- |
| 050 00 - LIBRARY OF CONGRESS CALL NUMBER | |
| Classification number | PN4914.I56 |
| Item number | D53 2006 |
| 082 04 - DEWEY DECIMAL CLASSIFICATION NUMBER | |
| Classification number | 070.4/30971 |
| Edition information | 22 |
| 100 ## - MAIN ENTRY--PERSONAL NAME | |
| Personal name | Cribb, Robert |
| 245 00 - TITLE STATEMENT | |
| Title | Digging deeper : |
| Remainder of title | a Canadian reporter's research guide / |
| 250 ## - EDITION STATEMENT | |
| Edition statement | 2nd ed. |
| 260 ## - PUBLICATION, DISTRIBUTION, ETC. | |
| Place of publication, distribution, etc. | Don Mills, Ont. ; |
| -- | Oxford university press : |
| Name of publisher, distributor, etc. | Oxford University Press, |
| Date of publication, distribution, etc. | 2006. |
| 300 ## - PHYSICAL DESCRIPTION | |
| Extent | v, 354 p. : |
| Other physical details | ill. ; |
| Dimensions | 23 cm. |
| 504 ## - BIBLIOGRAPHY, ETC. NOTE | |
| Bibliography, etc. note | Includes bibliographical references (p. [328]-345) and index. |
| 650 #0 - SUBJECT ADDED ENTRY--TOPICAL TERM | |
| Topical term or geographic name entry element | Investigative reporting |
| Geographic subdivision | Canada |
| 700 1# - ADDED ENTRY--PERSONAL NAME | |
| Personal name | Jobb, Dean |
| 700 1# - ADDED ENTRY--PERSONAL NAME | |
| Personal name | McKie, David |
| 700 1# - ADDED ENTRY--PERSONAL NAME | |
| Personal name | Vallance-jones, Fred |
| 856 42 - ELECTRONIC LOCATION AND ACCESS | |
| Materials specified | Publisher description |
| Uniform Resource Identifier | <a href="http://www.loc.gov/catdir/enhancements/fy1108/2010281705-d.html">http://www.loc.gov/catdir/enhancements/fy1108/2010281705-d.html</a> |
| 906 ## - LOCAL DATA ELEMENT F, LDF (RLIN) | |
| a | 7 |
| b | cbc |
| c | copycat |
| d | 2 |
| e | ncip |
| f | 20 |
| g | y-gencatlg |
| 942 ## - ADDED ENTRY ELEMENTS (KOHA) | |
| Source of classification or shelving scheme | Library of Congress Classification |
| Koha item type | Books |
| Withdrawn status | Lost status | Source of classification or shelving scheme | Damaged status | Not for loan | Home library | Current library | Shelving location | Date acquired | Source of acquisition | Total checkouts | Full call number | Barcode | Date last seen | Price effective from | Koha item type |
|---|---|---|---|---|---|---|---|---|---|---|---|---|---|---|---|
| Library of Congress Classification | Murang'a University of Technology Library | Murang'a University of Technology Library | General stacks | 21/09/2017 | Donation-TFC | PN4914.I56 D53 2006 | 014866 | 30/08/2024 | 21/09/2017 | Books |